| 000 | 00577cam a2200193 4500 | ||
|---|---|---|---|
| 001 | D8227 | ||
| 008 | 090401t1966 xxu||||| |||| 00| 0 eng d | ||
| 035 | _a(Sirsi) u11886 | ||
| 041 | _aeng | ||
| 050 | _a526.9 | ||
| 100 | _aRichardus, P. | ||
| 245 | _aProject surveying: general adjustment and optimisation techniques with applications to engineering and surveying, assisted by J.S.Allman | ||
| 260 |
_aAmsterdam _bNorth-Holland Publishing Co _c1966 |
||
| 300 | _axii. 467p. 25cm | ||
| 350 | _a22.22 | ||
| 520 | _aMap in back pocket | ||
| 942 | _n0 | ||
| 948 | _c04/03/1997 | ||
| 999 |
_c86925 _d86925 |
||